Associated agreements need clarity (Record no. 81880)

MARC details
000 -LEADER
fixed length control field 00965cab a22001935a 4500
001 - CONTROL NUMBER
control field L148545
008 - FIXED-LENGTH DATA ELEMENTS--GENERAL INFORMATION
fixed length control field 090930e20090925xxk f l 000 0 eng d
035 ## - SYSTEM CONTROL NUMBER
System control number (Sirsi) u148545
041 0# - LANGUAGE CODE
Language code of text/sound track or separate title eng
100 1# - MAIN ENTRY--PERSONAL NAME
Personal name Gordon, Warren
245 00 - TITLE STATEMENT
Title Associated agreements need clarity
260 ## - PUBLICATION, DISTRIBUTION, ETC.
Date of publication, distribution, etc. 2009
490 #0 - SERIES STATEMENT
Series statement Property Week
Volume/sequential designation 75(39) 25 September 2009, 86-87(2)
520 ## - SUMMARY, ETC.
Summary, etc. HC had to determine in Mount Anvil Group and others v Volans Management and Lupus Associates, HC, 30 July 2009, whether a contract to purchase commercial property in London had ended because of the termination of associated agreements. M had three agreements with V for one transaction but rescinded one agreement when L failed to make a payment. Held: M had rescinded all three agreements having rescinded one agreement with L.
590 ## - LOCAL NOTE (RLIN)
Local note KA
651 #4 - SUBJECT ADDED ENTRY--GEOGRAPHIC NAME
Geographic name England and Wales
Chronological subdivision 1543-
690 ## - LOCAL SUBJECT ADDED ENTRY--TOPICAL TERM (OCLC, RLIN)
Topical term or geographic name as entry element PROPERTY-COMMERCIAL PROPERTY-ACQUISITION AND DISPOSAL OF COMMERCIAL PROPERTY
942 ## - ADDED ENTRY ELEMENTS (KOHA)
Suppress in OPAC 0
Holdings
Withdrawn status Lost status Source of classification or shelving scheme Damaged status Not for loan Home library Current library Shelving location Date acquired Total Checkouts Full call number Barcode Date last seen Copy number Price effective from Koha item type
    Dewey Decimal Classification     London London Journal article 30/09/2009   L148545 148545-1001 06/08/2019 1 06/08/2019 Journal article